000 00614nam a2200181Ia 4500
008 100920s9999 xx 000 0 und d
082 _b10557
_a28 व 570580 थ 59
100 _aकुळकर्णी भीमराव बळवंत.
245 _aसंभाषणकला.
260 _bमॅजेस्टिक बुक स्टॉल,मुंबई.
_c1959
300 _a119
_bसाधी
365 _b2
520 _aबा.वि.शाई.
630 _aसंभाषणकला.
650 _aबा.वि.शाई.
730 _aसंभाषणकला.
942 _cBOOK
999 _c676916
_d676913